[Event "Lliga Catalana DH"]
[Site "?"]
[Date "2015.02.07"]
[Round "3.10"]
[White "Gardela Batlle, J."]
[Black "Sole Bove, J."]
[Result "1-0"]
[WhiteElo "2250"]
[BlackElo "2007"]
[PlyCount "93"]
[EventDate "2015.??.??"]
[EventType "team"]

1. Nf3 Nf6 2. c4 g6 3. g3 Bg7 4. Bg2 O-O 5. O-O c6 6. d3 d6 7. Nc3 Bf5 8. h3
Qc7 9. Nd4 Bc8 10. Nc2 a5 11. a3 Nbd7 12. Rb1 e6 13. Bd2 d5 14. Qc1 Qd6 15. Bh6
Re8 16. Bxg7 Kxg7 17. b4 axb4 18. axb4 e5 19. b5 e4 20. bxc6 bxc6 21. cxd5 cxd5
22. Nb5 Qe5 23. d4 Qb8 24. Ne3 Ba6 25. Nc7 Qc8 26. Nxe8+ Qxe8 27. Qd2 Rc8 28.
Rfc1 Rxc1+ 29. Rxc1 Qb8 30. Bf1 Qb6 31. Ng2 h6 32. h4 Bc4 33. Ne3 Ba6 34. Ra1
Qd6 35. Qa5 Bc8 36. Rb1 Nf8 37. Rb5 Be6 38. Ng2 Nh5 39. e3 Nh7 40. Be2 Nxg3 41.
fxg3 Qxg3 42. Qe1 Qd6 43. Nf4 g5 44. Nxe6+ Qxe6 45. Qg3 Qc6 46. Qe5+ f6 47.
Qe7+ 1-0

[Event "Lliga Catalana DH"]
[Site "?"]
[Date "2015.02.07"]
[Round "3.1"]
[White "Muñoz Pantoja, MA."]
[Black "Magem Badals, J."]
[Result "1/2-1/2"]
[WhiteElo "2475"]
[BlackElo "2590"]
[PlyCount "63"]
[EventDate "2015.??.??"]
[EventType "team"]

1. e4 e5 2. Nf3 Nc6 3. Bb5 a6 4. Ba4 Nge7 5. O-O g6 6. d4 exd4 7. Nxd4 Bg7 8.
Nxc6 Nxc6 9. Nc3 O-O 10. f4 d6 11. f5 Ne5 12. Nd5 c6 13. f6 cxd5 14. fxg7 Kxg7
15. exd5 b5 16. Bb3 Qb6+ 17. Kh1 Bd7 18. Qe1 f6 19. Be3 Qc7 20. Qd2 g5 21. Bd4
h6 22. a4 bxa4 23. Bxa4 Bxa4 24. Rxa4 Qd7 25. Rfa1 Qf5 26. Qf2 Qxf2 27. Bxf2
Rfc8 28. c3 Nd3 29. Bd4 Nxb2 30. Rxa6 Rxa6 31. Rxa6 Rd8 32. Ra7+ 1/2-1/2

[Event "Lliga Catalana DH"]
[Site "?"]
[Date "2015.02.07"]
[Round "3.2"]
[White "Lopez Martinez, JM."]
[Black "Pablo Mari, A."]
[Result "1-0"]
[WhiteElo "2571"]
[BlackElo "2442"]
[PlyCount "68"]
[EventDate "2015.??.??"]
[EventType "team"]

1. d4 f5 2. c4 Nf6 3. Nc3 e6 4. e3 Bb4 5. Bd3 b6 6. Nge2 Bb7 7. O-O O-O 8. a3
Bd6 9. f3 c5 10. d5 exd5 11. Bxf5 Ne8 12. Bd3 dxc4 13. Bxc4+ Kh8 14. e4 Nc6 15.
Be3 Ne5 16. Ba2 Ba6 17. Qd2 Qh4 18. Ng3 Bxf1 19. Rxf1 Ng6 20. Bf2 Rd8 21. Rd1
Be5 22. Nf1 Qh5 23. Ne2 Nf4 24. Nxf4 Bxf4 25. Qe2 Nf6 26. Bd5 Bb8 27. b4 Rc8
28. bxc5 bxc5 29. Qb5 d6 30. Ng3 Qe8 31. Qc4 Nd7 32. Nf5 Ne5 33. Qc3 Rf6 34. h3
Qf8 $138 1-0

[Event "Lliga Catalana DH"]
[Site "?"]
[Date "2015.02.07"]
[Round "3.3"]
[White "Ubach Miralda, M."]
[Black "Perpinya Rofes, LM."]
[Result "1-0"]
[WhiteElo "2391"]
[BlackElo "2443"]
[PlyCount "55"]
[EventDate "2015.??.??"]
[EventType "team"]

1. c4 g6 2. g3 Bg7 3. Bg2 d6 4. Nc3 e5 5. e4 Nc6 6. Nge2 Nge7 7. d3 O-O 8. O-O
f5 9. Nd5 h6 10. Rb1 a5 11. a3 Kh7 12. b4 axb4 13. axb4 Nxd5 14. cxd5 Ne7 15.
Be3 Bd7 16. Qb3 Bb5 17. f4 c6 18. Rfe1 cxd5 19. exd5 Qd7 20. Rbc1 Ra6 21. Qb1
Ra3 22. fxe5 Bxd3 23. Qb2 Rfa8 24. Nf4 Bxe5 25. Qd2 Bb5 26. Ne6 Ra2 27. Qxa2
Rxa2 28. Nf8+ 1-0

[Event "Lliga Catalana DH"]
[Site "?"]
[Date "2015.02.07"]
[Round "3.4"]
[White "Rojas Keim, LA."]
[Black "Simon Padros, E."]
[Result "1-0"]
[WhiteElo "2468"]
[BlackElo "2327"]
[PlyCount "77"]
[EventDate "2015.??.??"]
[EventType "team"]

1. e4 e6 2. d3 c5 3. Nf3 Nc6 4. g3 g6 5. Bg2 Bg7 6. O-O Nge7 7. Re1 d6 8. c3
O-O 9. Na3 Rb8 10. d4 cxd4 11. cxd4 d5 12. e5 Qb6 13. Nc2 Bd7 14. b3 a5 15. Ne3
Kh8 16. Ng4 Ng8 17. Bg5 h6 18. Nf6 Nxf6 19. Bxf6 Rbc8 20. Qd2 Kh7 21. Rac1 Rfe8
22. h4 Qb4 23. Qf4 Qf8 24. Nh2 Bxf6 25. exf6 Nb4 26. Qd2 Bb5 27. Ng4 Rxc1 28.
Rxc1 Nc6 29. a4 Ba6 30. Ne5 Nxe5 31. dxe5 b6 32. Rc6 Rb8 33. Qc2 h5 34. Rc7 Kg8
35. Bh3 Rc8 36. Bxe6 Rxc7 37. Qxg6+ Kh8 38. Qxh5+ Kg8 39. Bf5 1-0

[Event "Lliga Catalana DH"]
[Site "?"]
[Date "2015.02.07"]
[Round "3.5"]
[White "Duran Albareda, X."]
[Black "Lorenzo de la Riva, L."]
[Result "1-0"]
[WhiteElo "2329"]
[BlackElo "2428"]
[PlyCount "117"]
[EventDate "2015.??.??"]
[EventType "team"]

1. e4 c5 2. Nf3 d6 3. d4 cxd4 4. Nxd4 Nf6 5. Nc3 a6 6. g3 e5 7. Nde2 h5 8. h3
Be6 9. Bg2 Nbd7 10. a4 Rc8 11. Be3 Be7 12. b3 h4 13. f4 Nf8 14. a5 Qc7 15. f5
Bd7 16. g4 Bc6 17. Qd2 N8d7 18. g5 Nh5 19. O-O Ng3 20. Nxg3 hxg3 21. Qe1 Qd8
22. Qxg3 Bb5 23. Nxb5 axb5 24. Rf2 Rc3 25. Rf3 Rxc2 26. Qg4 Qc7 27. Bf1 Qc6 28.
b4 Rc3 29. Rd1 Bf8 30. Rd5 Rc4 31. Bxc4 Qxc4 32. Bd2 Kd8 33. Rc3 Qa2 34. Qe2
Rh4 35. Qd3 Be7 36. Kg2 Qa1 37. Rc1 Qa2 38. Kg3 Rf4 39. h4 Qb2 40. Rxb5 Rxe4
41. Qxe4 Qxd2 42. Re1 Qc3+ 43. Re3 Qc1 44. Rxb7 Qg1+ 45. Kh3 Qf1+ 46. Kg4 Qd1+
47. Qf3 Qg1+ 48. Kh5 Bxg5 49. Rxd7+ Kxd7 50. hxg5 e4 51. Rxe4 Qh2+ 52. Kg4 Qg1+
53. Qg3 Qd1+ 54. Kf4 Qd2+ 55. Kf3 Qd3+ 56. Kf4 Qd2+ 57. Qe3 Qh2+ 58. Kf3 Qh5+
59. Kg2 1-0

[Event "Lliga Catalana DH"]
[Site "?"]
[Date "2015.02.07"]
[Round "3.6"]
[White "Colon Garcia, E."]
[Black "Sadrija, E."]
[Result "0-1"]
[WhiteElo "2398"]
[BlackElo "2278"]
[PlyCount "128"]
[EventDate "2015.??.??"]
[EventType "team"]

1. Nf3 d5 2. b3 Nf6 3. e3 Nbd7 4. Bb2 e6 5. c4 c6 6. Qc2 Bd6 7. Nc3 O-O 8. Be2
Qe7 9. Rc1 a6 10. d4 Re8 11. O-O b5 12. e4 dxe4 13. Nxe4 Bf4 14. Rcd1 Bb7 15.
Rfe1 Rac8 16. Bf1 Bb8 17. c5 Nd5 18. g3 Rcd8 19. a4 N7f6 20. Ra1 h6 21. Bg2 Bc7
22. axb5 axb5 23. Ra7 Bb8 24. Nxf6+ Nxf6 25. Ra2 Nd5 26. Bc3 Qf8 27. Ba5 Rd7
28. Qc1 Ne7 29. Bh3 Bc8 30. Bd2 Nf5 31. Bf4 Bxf4 32. Qxf4 g5 33. Qe4 Ne7 34.
Ne5 Rd5 35. Ra7 Red8 36. Rd1 Bd7 37. b4 Qg7 38. Nxd7 R5xd7 39. Rxd7 Rxd7 40.
Bxe6 Ra7 41. Bb3 Qf6 42. Bc2 Rd7 43. Re1 Kf8 44. Ra1 Nd5 45. Qh7 Rd8 46. Ra7
Qg7 47. Qf5 Ne7 48. Qe4 Qf6 49. Bb3 Rxd4 50. Qh7 Rd8 51. Kg2 Re8 52. h3 Rd8 53.
Rb7 Nd5 54. Bxd5 Rxd5 55. Rb8+ Ke7 56. Qg8 Ke6 57. Qc8+ Ke5 58. Rb6 Rd2 59.
Qe8+ Qe6 60. Qh8+ Ke4 61. Rb8 Qd5 62. Kg1 Rd1+ 63. Kh2 Kd3 64. f3 Qa2+ 0-1

[Event "Lliga Catalana DH"]
[Site "?"]
[Date "2015.02.07"]
[Round "3.7"]
[White "Garcia Rubio, JA."]
[Black "Diaz Camallonga, C."]
[Result "0-1"]
[WhiteElo "2215"]
[BlackElo "2411"]
[PlyCount "98"]
[EventDate "2015.??.??"]
[EventType "team"]

1. e4 e6 2. d4 d5 3. exd5 exd5 4. Nf3 Nc6 5. c3 Bd6 6. Bg5 Nge7 7. Bd3 Bg4 8.
Nbd2 Qd7 9. O-O h6 10. Bxe7 Bxe7 11. Re1 O-O 12. Qc2 Rfe8 13. Bb5 Bd6 14. Ne5
Bxe5 15. dxe5 a6 16. Bxc6 Qxc6 17. Nb3 Rad8 18. Qd2 b6 19. Qf4 Bc8 20. Nd4 Qd7
21. Re3 c5 22. Nf3 Qf5 23. Qxf5 Bxf5 24. Rd1 Re7 25. h3 Red7 26. Re2 Kf8 27. g4
Bh7 28. Kg2 Ke7 29. Kg3 Ke6 30. h4 Be4 31. Ne1 g5 32. hxg5 hxg5 33. f4 gxf4+
34. Kxf4 b5 35. b4 cxb4 36. cxb4 Rc8 37. Rd4 Rc3 38. Red2 Rdc7 39. Rh2 R7c4 40.
Rhd2 Rxd4 41. Rxd4 Rc4 42. Rxc4 bxc4 43. a4 c3 44. b5 axb5 45. axb5 c2 46. Nxc2
Bxc2 47. b6 Kd7 48. Kg5 d4 49. Kf6 Bb3 0-1

[Event "Lliga Catalana DH"]
[Site "?"]
[Date "2015.02.07"]
[Round "3.8"]
[White "Tallo Dominguez, I."]
[Black "Del Amo Carbo, J."]
[Result "1/2-1/2"]
[WhiteElo "2340"]
[BlackElo "2207"]
[PlyCount "107"]
[EventDate "2015.??.??"]
[EventType "team"]

1. e4 e5 2. Nf3 Nc6 3. Bb5 Nf6 4. d3 Bc5 5. O-O d6 6. h3 Bd7 7. a3 Bb6 8. Nc3
Ne7 9. Bc4 Ng6 10. Be3 c6 11. Ba2 O-O 12. Nd2 Be6 13. Bxe6 fxe6 14. Bxb6 Qxb6
15. Nc4 Qc7 16. g3 d5 17. Nd2 Rad8 18. Qe2 Rde8 19. Rae1 Qb6 20. Nd1 a5 21. Kh1
Qc5 22. c3 b5 23. b4 Qb6 24. Nb3 axb4 25. axb4 Nd7 26. h4 d4 27. cxd4 exd4 28.
f4 c5 29. bxc5 Nxc5 30. Nxd4 Rd8 31. f5 Ne5 32. Nxe6 Nxe6 33. fxe6 Qxe6 34.
Rxf8+ Rxf8 35. Kg2 Ra8 36. Nb2 Ra2 37. Rb1 Qb3 38. Kh1 h6 39. h5 b4 40. Kg1 Qc3
41. Kf1 b3 42. d4 Qxd4 43. Qd1 Qb6 44. Qd5+ Nf7 45. Nd3 Ra3 46. e5 b2 47. e6
Ra1 48. exf7+ Kf8 49. Nxb2 Rxb1+ 50. Nd1 Qf6+ 51. Kg2 Qxf7 52. Qa8+ Qe8 53.
Qa3+ Qe7 54. Qa8+ 1/2-1/2

[Event "Lliga Catalana DH"]
[Site "?"]
[Date "2015.02.07"]
[Round "3.9"]
[White "Arus Blanch, D."]
[Black "Garcia-Castany Musellas, G."]
[Result "1/2-1/2"]
[WhiteElo "2112"]
[BlackElo "2264"]
[PlyCount "67"]
[EventDate "2015.??.??"]
[EventType "team"]

1. e4 e5 2. Nf3 Nc6 3. Bb5 a6 4. Bxc6 dxc6 5. O-O Qf6 6. d4 exd4 7. Qxd4 Qxd4
8. Nxd4 Bd7 9. Be3 O-O-O 10. Nc3 Nf6 11. f3 h6 12. Rad1 b6 13. Rd2 g6 14. Rfd1
Bg7 15. Nde2 c5 16. b3 Rhe8 17. Bf2 g5 18. Rd3 Be6 19. Rxd8+ Rxd8 20. Rxd8+
Kxd8 21. h4 Nd7 22. hxg5 hxg5 23. Be3 f6 24. g4 Ne5 25. Kf2 Nc6 26. a3 c4 27.
b4 Bf8 28. Nd4 Kd7 29. Nxc6 Kxc6 30. Bd4 Be7 31. Ke3 Kd6 32. e5+ fxe5 33. Ne4+
Kd5 34. Nc3+ 1/2-1/2

[Event "Lliga Catalana DH"]
[Site "?"]
[Date "2015.02.07"]
[Round "3.10"]
[White "Jareño Badenas, A."]
[Black "Calvo Burés, M."]
[Result "1-0"]
[WhiteElo "2196"]
[BlackElo "2008"]
[PlyCount "69"]
[EventDate "2015.??.??"]
[EventType "team"]

1. Nf3 d5 2. g3 Nf6 3. Bg2 c5 4. O-O Nc6 5. d4 e6 6. c4 dxc4 7. Qa4 Bd7 8. Qxc4
Qb6 9. dxc5 Qxc5 10. Qxc5 Bxc5 11. Nc3 a6 12. Bf4 O-O 13. Ne5 Rac8 14. Nxd7
Nxd7 15. Ne4 e5 16. Nxc5 Nxc5 17. Be3 Ne6 18. Bb6 Ne7 19. Rac1 Nf5 20. Rfd1
Nfd4 21. Kf1 Rfe8 22. e3 Nf5 23. a4 g6 24. a5 Rxc1 25. Rxc1 Re7 26. Rd1 Kg7 27.
Ke2 h5 28. h4 Nf8 29. Be4 Re6 30. Bxb7 Ne7 31. Bxa6 Nc6 32. Bc4 Rf6 33. Bd8
Nxd8 34. Rxd8 Rd6 35. b3 1-0

[Event "Lliga Catalana DH"]
[Site "?"]
[Date "2015.02.14"]
[Round "4.1"]
[White "Dvirnyy, D."]
[Black "Herraiz Hidalgo, H."]
[Result "1/2-1/2"]
[WhiteElo "2582"]
[BlackElo "2473"]
[PlyCount "62"]
[EventDate "2015.??.??"]
[EventType "team"]

1. e4 e6 2. d4 d5 3. Nc3 Nf6 4. e5 Nfd7 5. f4 c5 6. Nf3 Nc6 7. Be3 Be7 8. Bd3
b6 9. O-O cxd4 10. Nxd4 Nxd4 11. Bxd4 Nc5 12. Rf3 g6 13. Qd2 Nxd3 14. Qxd3 Bd7
15. Nd1 Qc7 16. Ne3 Bc5 17. Rd1 O-O-O 18. Rf2 Kb8 19. Rfd2 Bc8 20. Qb3 Bb7 21.
Ng4 Rc8 22. c3 Ka8 23. Qb5 h5 24. Nf6 Be7 25. Qf1 Qc4 26. Qe1 Rc6 27. a3 Qa4
28. h3 Rc4 29. Kh2 Rc6 30. Kg1 Rc4 31. Kh2 Rc6 1/2-1/2

[Event "Lliga Catalana DH"]
[Site "?"]
[Date "2015.02.14"]
[Round "4.2"]
[White "Amigo Vilalta, J."]
[Black "Rodriguez Cespedes, A."]
[Result "1/2-1/2"]
[WhiteElo "2341"]
[BlackElo "2463"]
[PlyCount "50"]
[EventDate "2015.??.??"]
[EventType "team"]

1. d4 Nf6 2. c4 e6 3. g3 Bb4+ 4. Bd2 Be7 5. Bg2 d5 6. Nf3 c6 7. O-O b6 8. cxd5
cxd5 9. Nc3 O-O 10. Bf4 Bb7 11. Bxb8 Rxb8 12. Rc1 a6 13. Ne5 b5 14. e3 Qa5 15.
f4 Rbc8 16. g4 Ne4 17. Bxe4 dxe4 18. g5 b4 19. Qa4 Qd8 20. Nb1 Qd5 21. Qd7 Qxd7
22. Nxd7 Rfd8 23. Nb6 Rb8 24. Nd2 Kf8 25. h4 Ke8 1/2-1/2

[Event "Lliga Catalana DH"]
[Site "?"]
[Date "2015.02.14"]
[Round "4.3"]
[White "Alarcon Casellas, R."]
[Black "Canal Oliveras, J."]
[Result "1/2-1/2"]
[WhiteElo "2503"]
[BlackElo "2339"]
[PlyCount "103"]
[EventDate "2015.??.??"]
[EventType "team"]

1. d4 d5 2. c4 e5 3. dxe5 d4 4. a3 Nc6 5. Nf3 a5 6. Bf4 Nge7 7. Nbd2 Ng6 8. Bg3
a4 9. Qc2 Bc5 10. h4 Qe7 11. Qe4 h5 12. e6 Bxe6 13. Ng5 O-O-O 14. Nxe6 Qxe6 15.
Qxe6+ fxe6 16. Ne4 Be7 17. e3 Bf6 18. O-O-O dxe3 19. Rxd8+ Rxd8 20. fxe3 Nce5
21. Be2 Ng4 22. Bxg4 hxg4 23. h5 Rh8 24. Kc2 Ne7 25. Be1 Nf5 26. Bd2 Be7 27.
Kd3 g6 28. h6 Rxh6 29. Rxh6 Nxh6 30. Nc3 Nf5 31. Be1 Bh4 32. Bxh4 Nxh4 33. g3
Nf5 34. Ne2 Kd7 35. e4 Ng7 36. Nf4 g5 37. Ng2 Nh5 38. Ne3 Nxg3 39. Nxg4 Kd6 40.
e5+ Kc6 41. Nf6 Nf5 42. Ke4 Kc5 43. Kd3 Kc6 44. Ke4 Ng3+ 45. Kf3 Nf1 46. Ke2
Nh2 47. Kf2 Kc5 48. Kg2 Kd4 49. Kxh2 Kxe5 50. Ne8 Kd4 51. Nxc7 Kxc4 52. Nxe6
1/2-1/2

[Event "Lliga Catalana DH"]
[Site "?"]
[Date "2015.02.14"]
[Round "4.4"]
[White "Dalo, H."]
[Black "Vidarte Morales, A."]
[Result "1-0"]
[WhiteElo "2312"]
[BlackElo "2444"]
[PlyCount "150"]
[EventDate "2015.??.??"]
[EventType "team"]

1. d4 Nf6 2. c4 g6 3. Nc3 Bg7 4. Nf3 O-O 5. e4 d6 6. Be2 c5 7. d5 e6 8. O-O
exd5 9. cxd5 Re8 10. Nd2 a6 11. a4 Nbd7 12. h3 Qc7 13. Qc2 Rb8 14. Ra3 c4 15.
a5 b5 16. axb6 Nxb6 17. Re1 Nfd7 18. Na2 Nc5 19. Nb4 f5 20. Nc6 Ra8 21. Bxc4
Bd7 22. e5 Kh8 23. b4 Nb7 24. Bb3 dxe5 25. Bb2 Bxc6 26. dxc6 Nd6 27. Ra5 Nb5
28. Nf3 Nd4 29. Nxd4 exd4 30. Rd1 Rad8 31. Rxa6 d3 32. Bxg7+ Kxg7 33. Qc3+ Kh6
34. g3 f4 35. gxf4 Rf8 36. Qc5 Qxf4 37. Qe3 Nc8 38. Qxf4+ Rxf4 39. b5 Rb4 40.
Be6 Rxb5 41. Ra8 Rd6 42. Bxc8 Rxc6 43. Rxd3 Rf6 44. Bg4 Rb2 45. Rf3 Rbb6 46.
Rxf6 Rxf6 47. Ra7 Rd6 48. Kg2 Rb6 49. Bf3 Rd6 50. Be2 Rc6 51. h4 Rc2 52. Bf3
Rc5 53. Rd7 Rb5 54. Rd5 Rb6 55. Rc5 Rb4 56. h5 Rd4 57. Rc6 Kg7 58. Rc7+ Kh6 59.
hxg6 hxg6 60. Rc5 Kg7 61. Rg5 Kh6 62. Rg4 Rd6 63. Be4 g5 64. Rg3 Rd4 65. Rh3+
Kg7 66. f3 Rd8 67. Kg3 Rd1 68. Kg4 Rg1+ 69. Kf5 Kf7 70. Rh5 g4 71. fxg4 Rf1+
72. Ke5 Kg7 73. Rh7+ Kg8 74. Ra7 Kh8 75. g5 Kg8 1-0

[Event "Lliga Catalana DH"]
[Site "?"]
[Date "2015.02.14"]
[Round "4.5"]
[White "Vehi Bach, VM."]
[Black "Vera Pons, F."]
[Result "1/2-1/2"]
[WhiteElo "2414"]
[BlackElo "2314"]
[PlyCount "32"]
[EventDate "2015.??.??"]
[EventType "team"]

1. e4 g6 2. d4 Bg7 3. Nc3 d6 4. Be3 Nc6 5. Qd2 Nf6 6. f3 e5 7. Nge2 d5 8. exd5
Nxd5 9. Nxd5 Qxd5 10. Nc3 Qd7 11. dxe5 Qxd2+ 12. Bxd2 Bxe5 13. Bc4 Nd4 14.
O-O-O Be6 15. Rde1 Bg7 16. Nb5 O-O 1/2-1/2

[Event "Lliga Catalana DH"]
[Site "?"]
[Date "2015.02.14"]
[Round "4.6"]
[White "Ballesteros Collazos, S."]
[Black "Fernandez Cazorla, A."]
[Result "0-1"]
[WhiteElo "2309"]
[BlackElo "2322"]
[PlyCount "105"]
[EventDate "2015.??.??"]
[EventType "team"]

1. e4 c5 2. Nf3 e6 3. d3 Nc6 4. g3 g6 5. d4 Bg7 6. dxc5 Nf6 7. Nc3 Qa5 8. Qd2
Qxc5 9. Bg2 O-O 10. O-O Rd8 11. Qe2 d5 12. h3 d4 13. Nd1 b6 14. Ne1 e5 15. Kh2
Re8 16. a3 Bb7 17. b4 Qe7 18. Bb2 Nd8 19. c4 dxc3 20. Nxc3 Nc6 21. f3 Nd4 22.
Qf2 Rad8 23. Nc2 Nh5 24. Ne3 f5 25. Ned5 Qf7 26. b5 Rf8 27. Qe1 Nc2 28. Qd2
Nxa1 29. Bxa1 fxe4 30. fxe4 Qe6 31. Rxf8+ Rxf8 32. Ne3 Qf7 33. Ng4 Nxg3 34.
Kxg3 Kh8 35. Nd5 Bxd5 36. exd5 Qf4+ 37. Qxf4 exf4+ 38. Kf3 Bxa1 39. Ke4 h5 40.
Nf2 Re8+ 41. Kxf4 Rf8+ 42. Ke3 Bd4+ 43. Kxd4 Rxf2 44. Be4 Kg7 45. Ke5 Kf7 46.
Kd6 Re2 47. Bb1 Re1 48. Bc2 Rc1 49. Be4 Rc4 50. Bd3 Rd4 51. Bc2 Kf6 52. Bb3 g5
53. Kd7 0-1

[Event "Lliga Catalana DH"]
[Site "?"]
[Date "2015.02.14"]
[Round "4.7"]
[White "Asensio Liñan, T."]
[Black "Martin Grillo, R."]
[Result "1/2-1/2"]
[WhiteElo "2254"]
[BlackElo "2303"]
[PlyCount "68"]
[EventDate "2015.??.??"]
[EventType "team"]

1. e4 c5 2. Nc3 Nc6 3. Bb5 e6 4. Bxc6 bxc6 5. f4 d5 6. Qe2 Nf6 7. d3 Be7 8. Nf3
O-O 9. O-O Ba6 10. e5 Nd7 11. b3 c4 12. bxc4 dxc4 13. d4 Nb6 14. Bd2 Nd5 15. f5
exf5 16. e6 Bf6 17. exf7+ Rxf7 18. Ne5 Bxe5 19. Qxe5 Nxc3 20. Bxc3 Qd5 21. Rab1
Raf8 22. Qf4 Bb7 23. Rfe1 c5 24. Re2 Re7 25. Rbe1 Re4 26. Rxe4 fxe4 27. Qe3
cxd4 28. Bxd4 a6 29. c3 Qf5 30. Qg3 Qg6 31. Qc7 Qf7 32. Qg3 Qg6 33. Qc7 Qf7 34.
Qg3 Qg6 1/2-1/2

[Event "Lliga Catalana DH"]
[Site "?"]
[Date "2015.02.14"]
[Round "4.8"]
[White "Juan Bartroli, P."]
[Black "Oset Teixidor, G."]
[Result "1-0"]
[WhiteElo "2288"]
[BlackElo "2143"]
[PlyCount "109"]
[EventDate "2015.??.??"]
[EventType "team"]

1. d4 d5 2. c4 c6 3. Nf3 Nf6 4. e3 e6 5. Bd3 Bd6 6. Nbd2 O-O 7. O-O Nbd7 8. e4
dxe4 9. Nxe4 Nxe4 10. Bxe4 Nf6 11. Bc2 h6 12. b3 b6 13. Bb2 Bb7 14. Qd3 Re8 15.
Rfe1 Qc7 16. Re2 Rad8 17. Rae1 Bb4 18. Nd2 e5 19. a3 Bxd2 20. Qxd2 exd4 21.
Rxe8+ Rxe8 22. Rxe8+ Nxe8 23. Qxd4 c5 24. Qe3 Qc6 25. f3 Kf8 26. Kf2 Nf6 27.
Qf4 Ke7 28. Bxf6+ gxf6 29. Qxh6 Qd6 30. Qe3+ Kf8 31. g3 Qd7 32. Qf4 Bc8 33. g4
Kg7 34. h4 Qd8 35. Kg3 Qe7 36. Kf2 Qd8 37. g5 Be6 38. Kg3 a6 39. a4 Bd7 40.
Qxf6+ Qxf6 41. gxf6+ Kxf6 42. Kf4 Bh3 43. Bd3 Be6 44. h5 Bh3 45. h6 Be6 46. h7
Kg7 47. Ke5 Bh3 48. Kd6 Bg2 49. f4 Bf3 50. Bc2 Be2 51. Kc6 b5 52. axb5 axb5 53.
cxb5 c4 54. bxc4 Bxc4 55. Be4 1-0

[Event "Lliga Catalana DH"]
[Site "?"]
[Date "2015.02.14"]
[Round "4.9"]
[White "Soler Rionegro, A."]
[Black "Serrano Aspa, X."]
[Result "0-1"]
[WhiteElo "2058"]
[BlackElo "2262"]
[PlyCount "90"]
[EventDate "2015.??.??"]
[EventType "team"]

1. e4 c6 2. Nc3 d5 3. Qf3 d4 4. Bc4 e6 5. Nce2 c5 6. d3 Nc6 7. a3 Ne5 8. Bb5+
Bd7 9. Bxd7+ Qxd7 10. Qg3 Ng6 11. f4 f5 12. Nf3 Nf6 13. Ng5 Ne7 14. Qf3 h6 15.
Nh3 g6 16. Bd2 Bg7 17. Nf2 h5 18. h3 Kf7 19. O-O-O h4 20. g4 hxg3 21. Nxg3 Rh4
22. Rdg1 Rc8 23. Ne2 b6 24. Kb1 a5 25. Nd1 c4 26. e5 Nfg8 27. Qf2 Rh7 28. Qxd4
Qxd4 29. Nxd4 cxd3 30. cxd3 Rd8 31. Bc3 Nd5 32. Rf1 Rh4 33. Be1 Rxf4 34. Rxf4
Nxf4 35. Bf2 Nxd3 36. Nc6 Rc8 37. Na7 Rc1+ 38. Ka2 Nxf2 39. Nxf2 Rxh1 40. Nxh1
Bxe5 41. b4 Ne7 42. bxa5 bxa5 43. Kb3 g5 44. a4 Kg6 45. Nf2 Bd4 0-1

[Event "Lliga Catalana DH"]
[Site "?"]
[Date "2015.02.14"]
[Round "4.10"]
[White "Fuertes Buisac, B."]
[Black "De la Fuente Clemente, C."]
[Result "0-1"]
[WhiteElo "2126"]
[BlackElo "1998"]
[PlyCount "47"]
[EventDate "2015.??.??"]
[EventType "team"]

1. d4 d5 2. c4 e6 3. Nc3 Nf6 4. cxd5 exd5 5. Bg5 h6 6. Bh4 Bb4 7. e3 O-O 8. Bd3
Nbd7 9. Nf3 c5 10. O-O Bxc3 11. bxc3 Qa5 12. Qc2 Re8 13. Nd2 b6 14. Rab1 Ba6
15. Rfc1 Rac8 16. Bxa6 Qxa6 17. dxc5 Rxc5 18. Nb3 Rc4 19. Bxf6 Nxf6 20. Qd3
Qxa2 21. Nd4 Ne4 22. Ra1 Qxf2+ 23. Kh1 Re5 24. Rf1 0-1

[Event "Lliga Catalana DH"]
[Site "?"]
[Date "2015.02.14"]
[Round "4.1"]
[White "Jerez Perez, A."]
[Black "Cruz Sanchez, J."]
[Result "1-0"]
[WhiteElo "2466"]
[BlackElo "2501"]
[PlyCount "84"]
[EventDate "2015.??.??"]
[EventType "team"]

1. e4 e5 2. Nf3 Nc6 3. Bb5 a6 4. Ba4 Nf6 5. O-O Be7 6. Re1 b5 7. Bb3 d6 8. c3
Nb8 9. d4 Nc6 10. Be3 O-O 11. h3 Bb7 12. Nbd2 exd4 13. cxd4 Nb4 14. Qb1 c5 15.
a3 Nc6 16. d5 Nb8 17. Nf1 Re8 18. Bc2 Nbd7 19. Bd2 Bf8 20. Bc3 Ne5 21. Nxe5
dxe5 22. b4 Nh5 23. Qb2 Rc8 24. g3 cxb4 25. Bxb4 Qg5 26. Kh2 Bxb4 27. axb4 Rc4
28. Ne3 Rd4 29. Rad1 Rxd1 30. Bxd1 Bc8 31. Bf3 Bd7 32. Qe2 Nf6 33. Rc1 h5 34.
h4 Qg6 35. Rc7 Rc8 36. Qc2 Rd8 37. Qc5 Bg4 38. Bxg4 hxg4 39. Rc8 Rxc8 40. Qxc8+
Kh7 41. Nf5 Ng8 42. d6 Qf6 1-0

[Event "Lliga Catalana DH"]
[Site "?"]
[Date "2015.02.14"]
[Round "4.2"]
[White "Cruz Estrada, F."]
[Black "Granados Gomez, M."]
[Result "1/2-1/2"]
[WhiteElo "2462"]
[BlackElo "2442"]
[PlyCount "62"]
[EventDate "2015.??.??"]
[EventType "team"]

1. c4 e5 2. Nc3 Nf6 3. g3 d5 4. cxd5 Nxd5 5. Bg2 Nb6 6. Nf3 Nc6 7. O-O Be7 8.
b3 O-O 9. Bb2 Re8 10. Rc1 Bf8 11. d3 Bg4 12. h3 Bh5 13. g4 Bg6 14. Ne4 Bxe4 15.
dxe4 Qxd1 16. Rfxd1 Bd6 17. e3 a5 18. Bf1 a4 19. Bb5 axb3 20. axb3 Ra2 21. Bc3
f6 22. Nd2 Rea8 23. Nc4 Nxc4 24. Bxc4+ Kf8 25. Bd5 Ba3 26. Bxc6 bxc6 27. Ra1
Bd6 28. Kg2 Ke7 29. Kf3 Rxa1 30. Rxa1 Rxa1 31. Bxa1 g5 1/2-1/2

[Event "Lliga Catalana DH"]
[Site "?"]
[Date "2015.02.14"]
[Round "4.4"]
[White "Rivero Ojeda, C."]
[Black "Almeida Toledano, D."]
[Result "1/2-1/2"]
[WhiteElo "2346"]
[BlackElo "2357"]
[PlyCount "64"]
[EventDate "2015.??.??"]
[EventType "team"]

1. e4 c5 2. c3 e6 3. d4 d5 4. e5 Nc6 5. Be3 Nge7 6. Nf3 Nf5 7. Bd3 Nxe3 8. fxe3
g6 9. O-O Bg7 10. h4 O-O 11. Nbd2 Bd7 12. Qe2 Qe7 13. h5 f5 14. exf6 Rxf6 15.
hxg6 hxg6 16. e4 cxd4 17. exd5 exd5 18. Qxe7 Nxe7 19. Nxd4 Rxf1+ 20. Rxf1 Bxd4+
21. cxd4 Bf5 22. Re1 Kf7 23. Bxf5 gxf5 24. Nf3 Rc8 25. Re2 Kf6 26. Ne5 Rc7 27.
b3 b6 28. Kf2 Rc3 29. Nd7+ Kf7 30. Ne5+ Kf6 31. Nd7+ Kf7 32. Ne5+ Kf6 1/2-1/2

[Event "Lliga Catalana DH"]
[Site "?"]
[Date "2015.02.14"]
[Round "4.5"]
[White "Garrido Fernandez, D."]
[Black "Gonzalez Garcia, M."]
[Result "1/2-1/2"]
[WhiteElo "2326"]
[BlackElo "2331"]
[PlyCount "113"]
[EventDate "2015.??.??"]
[EventType "team"]

1. e4 c6 2. d4 d5 3. exd5 cxd5 4. Bd3 Nc6 5. c3 Nf6 6. Bf4 Bg4 7. Qb3 Qd7 8.
Nd2 e6 9. Ngf3 Bxf3 10. Nxf3 Bd6 11. Bxd6 Qxd6 12. O-O O-O 13. Rae1 Qc7 14. Ne5
Nxe5 15. Rxe5 Ng4 16. Rh5 g6 17. Rh3 Rfe8 18. Qd1 f5 19. Qd2 a6 20. Qg5 Qe7 21.
Qf4 Rac8 22. f3 Nf6 23. Re1 Nh5 24. Qh6 Nf6 25. Bxf5 exf5 26. Rxe7 Rxe7 27. Rg3
Kf7 28. h4 Rg8 29. Rg5 Rg7 30. h5 Re2 31. hxg6+ hxg6 32. Qh2 Rxb2 33. Qc7+ Kg8
34. Qd8+ Kf7 35. Rg3 g5 36. Rh3 Re2 37. Rh6 Re7 38. Qb6 Rg6 39. Rxg6 Kxg6 40.
Qd6 Kf7 41. Kf2 Re6 42. Qb8 b5 43. Qc8 f4 44. a3 Ke7 45. Qb7+ Kf8 46. Qc7 Kg8
47. Qc8+ Kf7 48. Qd8 Kg7 49. g3 fxg3+ 50. Kxg3 Kg6 51. Kf2 Kg7 52. Qc7+ Kg6 53.
Qc8 Kf7 54. Qc5 Kg7 55. a4 bxa4 56. Qa5 g4 57. Qxa4 1/2-1/2

[Event "Lliga Catalana DH"]
[Site "?"]
[Date "2015.02.14"]
[Round "4.6"]
[White "Boix Moreno, D."]
[Black "Llaneza Vega, P."]
[Result "0-1"]
[WhiteElo "2320"]
[BlackElo "2296"]
[PlyCount "82"]
[EventDate "2015.??.??"]
[EventType "team"]

1. e4 c5 2. Nc3 e6 3. f4 d5 4. Nf3 Nc6 5. Bb5 dxe4 6. Nxe4 Bd7 7. Qe2 Nf6 8. d3
Be7 9. O-O O-O 10. Kh1 a6 11. Bxc6 Bxc6 12. Ne5 Nxe4 13. dxe4 Qc7 14. b3 Bf6
15. Bb2 Bxe5 16. fxe5 Rad8 17. Qe3 Rd7 18. Rae1 Qa5 19. a4 c4 20. Bc3 Qc7 21.
Bb4 Rc8 22. Bd6 Qd8 23. Rf4 Qg5 24. Qf2 cxb3 25. cxb3 b5 26. a5 b4 27. Rf1 Qg6
28. Rc1 Rdd8 29. Re1 Bb5 30. Rf3 Rc3 31. Bxb4 Rxf3 32. gxf3 Rd3 33. Qc5 h5 34.
Rg1 Qh6 35. Qf8+ Kh7 36. Qxf7 Rd7 37. Qf8 Be2 38. Bc5 Rd3 39. Rg3 h4 40. Rh3
Qg5 41. Bg1 Bf1 0-1